(The) Art of computer programming, Vol. 3/ (Record no. 2110)

000 -LEADER
fixed length control field 00430nam a22001457a 4500
008 - FIXED-LENGTH DATA ELEMENTS--GENERAL INFORMATION
fixed length control field 200213b ||||| |||| 00| 0 eng d
020 ## - INTERNATIONAL STANDARD BOOK NUMBER
International Standard Book Number 817808113X
100 ## - MAIN ENTRY--PERSONAL NAME
9 (RLIN) 1707
Personal name Knuth, Donald E.
245 10 - TITLE STATEMENT
Title (The) Art of computer programming, Vol. 3/
250 ## - EDITION STATEMENT
Edition statement 2nd ed.
260 ## - PUBLICATION, DISTRIBUTION, ETC. (IMPRINT)
Place of publication, distribution, etc New-Delhi
Name of publisher, distributor, etc Pearson Education
Date of publication, distribution, etc 2004
300 ## - PHYSICAL DESCRIPTION
Extent xiii,780p.
650 #0 - SUBJECT ADDED ENTRY--TOPICAL TERM
Topical term or geographic name as entry element Computer Algorithms
General subdivision Computer Programming
942 ## - ADDED ENTRY ELEMENTS (KOHA)
Item type Books
Holdings
Withdrawn status Lost status Source of classification or shelving scheme Damaged status Not for loan Permanent location Current location Date acquired Source of acquisition Full call number Barcode Date last seen Cost, replacement price Koha item type
          IMU Kolkata IMU Kolkata 2006-11-30 Jyoti, the Book People 005.1 K748 09747 2020-02-13 475.00 Books
          IMU Kolkata IMU Kolkata 2006-11-30 Jyoti, the Book People 005.1 K748 09748 2020-02-13 475.00 Books
Designed and Maintained by IMU-KC Library, Kolkata Campus © Copyright All Rights Reserved

webs counters

Powered by Koha